00765cam a22002411 4500001001300000003000400013005001700017008004100034010001700075035001900092040002000111042001200131050001700143100002500160245006500185260005900250300004500309500006000354504003300414650002000447610004100467999001500508agr38000895 DLC20260227110957.0760227s1937 it ac 000 0 ita  aagr38000895  a(OCoLC)2016996 aDLCcKyLoUdDLC apremarc00aSB278.I8bR61 aRossi, Umberto,eed.02aI tabacchi greggi italiani,ca cura del dott. Umberto Rossi. aMilano,bIstituto grafico Vanzetti e Vanoletti,c1937. a127 p.billus., 43 col. pl., mapc30 cm. aAt head of title: Ente nazionale per il tabacco. Roma. a"Bibliografia": p. 127-[128] 0aTobaccozItaly.20aEnte nazionale per il tabacco, Roma. c9916d9916